00580nam a2200133Ia 4500008004100000100002600041245013200067245009200199260005300291260001800344300000800362650001500370856006100385170221s9999 xx 000 0 und d aAndrey Yu. Mordovtsev aState Authorities and Legal Informational Marketing in Conditions of Transition to Democratic: The Social and Cultural Aspects  cAndrey Yu. Mordovtsev, Alexey Yu. Mamychev, Tatyana V. Mordovtseva, Mikhail L. Mirzorin bInternational Review of Management and Marketing cDecember 2012 a4:2 xMarketing. uhttp://www.econjournals.com/index.php/irmm/issue/view/86